00433nam a2200109Ia 4500008004100000050002300041100003500064245009100099260008600190300002000276521002700296140724s9999 xx 000 0 und d aT 58.4b.M828 2014 aMorales, Adriano Miguel III V. aAutomated payroll system for Palms Tailoring of SISC /cAdriano Miguel V. Morales III. aLas Piñas, Philippines :bSouthville International School and Colleges,cc2014. a66 p. :c28 cm. aInformation Technology